| 000 | 00701cam a2200253 i 4500 | ||
|---|---|---|---|
| 001 | BD-DhSAU 7108 | ||
| 003 | BD-DhSAU | ||
| 005 | 20150517154418.0 | ||
| 008 | 770429s1978 nyua rb 001 0 eng | ||
| 020 | _a0023951109 | ||
| 040 | _aBD-DhSAU | ||
| 082 | 0 | 0 |
_a595.7 _222 _bPFF |
| 245 | 1 | 0 |
_aFundamentals of applied entomology / _cedited by Robert E. Pfadt. |
| 250 | _a3rd ed. | ||
| 260 |
_aNew York : _bMacmillan, _cc1978. |
||
| 300 |
_ax, 798 p. : _bill. ; _c24 cm. |
||
| 504 | _aIncludes bibliographical references and index. | ||
| 590 | _ajoy | ||
| 650 | 0 | _aInsect pests. | |
| 650 | 0 |
_aInsect pests _xControl. |
|
| 650 | 0 | _aEntomology. | |
| 700 | 1 | _aPfadt, Robert E., | |
| 942 |
_2ddc _cBOOK |
||
| 999 |
_c7108 _d7108 |
||